| 000 | 00419nam a2200157Ia 4500 | ||
|---|---|---|---|
| 008 | 210716s1998 xx 000 0 und d | ||
| 020 | _a321043472 | ||
| 041 | _aeng | ||
| 082 | _a575.1 FALD | ||
| 100 | _aFalconer, D S; Mackay, Trudy F C. | ||
| 245 | _aIntroduction to quantitative genetics. | ||
| 250 | _a4 | ||
| 260 |
_aEngland _bAddison Wesley Longman _c1998 |
||
| 300 | _axv,464 | ||
| 650 | _aGenetic Engineeirng | ||
| 999 |
_c185808 _d185808 |
||